Person/Place/Thing By Numbers - Statistics

General Stats
  • This quiz has been taken 42 times
    41 since last reset
  • The average score is 18 of 22
Answer Stats
Numbers Hint Thing % Correct
3.14 Number Pi
97%
7 Deadly Sins
97%
50 U.S.A. States
95%
365 Days Year
95%
4/15/1912 Ship Titanic
92%
54 Continent Africa
89%
48 Continent Asia
89%
206 Anatomy Bones
89%
4 Lucky Flower Clover
89%
9/11 Buildings World Trade Center
89%
1,446,615,024 Population (2021) China
87%
45 Continent Europe
87%
8,848.86 m (29,029 ft) Height Mount Everest
87%
23 Continent North America
87%
14 Continent Oceania / South America
87%
8 Celestial Bodies Planets
82%
666 Biblical Entity Devil
79%
1492 Italian Person Christopher Columbus
76%
63.8 million mi² Body of Water Pacific Ocean
71%
196 Geography World Countries
63%
829.8 m (2,722 ft) Building Burj Khalifa
53%
10,984 m (36,037 ft) Depth Mariana Trench
47%
No matching quizzes found
Score Distribution
Percent of People with Each Score
Percentile by Number Answered
Your Score History
You have not taken this quiz since the last reset